1259 1633 1040 1185 1189 1373 1144 1194 1761 1138 1375 1685 1520 1800 1909 1714 1052 1193 1641 1551 1042 1627 1169 1216 1246 1812 1053 1216 1238 1158 1321 1315 1218 1467 1887 1691 1943 1115 1137 1042 1686 1004 1352 1311 1236 1738 1343 1932 1562 1420 1417 1378 1428 1472 1825 1950 1369 1249 1174 1311 1031 1969 1102 1935 1300 1112 1466 1077 1984 1460 1064 1318 1363 1155 1127 1949 1516 1532 1819 1281 1822 1836 1884 1181 1463 1675 1050 1962 1559 1951 1584 1846 1817 1717 1844 1753 1392 1954 1502 BCNSPRNW ULIB Ver.6.0+V

เปลี่ยนเป็นภาษาไทย

Change to English
 แสดงรายละเอียดบรรณานุกรม
  กลับหน้าหลัก

Brief Record : Get Marc (ISO 2709) : E-mail record : QR code < ปิดหน้าต่าง
LEADER : 00000nam 2200000uu 4500
001    13399108682
003     ULIB
008    110311s2545||||th 000 0 tha d
060  4 QZ140^bภ649ซ ล.2 2545
100 0  สมเกียรติ วัฒนศิริชัยกุล
245 00 ภาวะช๊อก CME100 Credits 2/^cสมเกียรติ วัฒนศิริชัยกุล,บรรณาธิการ
260    กรุงเทพฯ:^bมหาวิทยาลัยศรีนครินทรวิโรฒประสานมิตร,^c2545
300    43 หน้า
650  7 ภาวะช๊อก
650  7 แบบทดสอบ
945    ^p0^l0^i016791
945    ^p0^l0^i016789
945    ^p0^l0^i016790
945    ^p0^l0^i016840
945    ^p0^l0^i016841
995    ทศพร
999 ^a ใช้งานได้ทุกระบบ
รายการนี้ยังไม่มีแท็ก
คุณยังไม่ได้ล็อกอิน คุณสามารถมีกิจกรรมร่วมกับเว็บไซต์ได้ แต่ต้องล็อกอินก่อน ::
  ล็อกอิน

รายการสื่อสารสนเทศ

ลำดับที่ ประเภท เลขเรียก/บาร์โค้ด สถานที่ สถานะ
1. วิทยาศาสตร์การแพทย์ และสุขภาพ
วิทยาศาสตร์การแพทย์ และสุขภาพ
QZ140 ภ649ซ ล.2 2545 ฉ.4 
  Barcode: 016840
ห้องสมุดวิทยาเขตสวรรค์ประชารักษ์
►หนังสือทั่วไป
บนชั้น
2. วิทยาศาสตร์การแพทย์ และสุขภาพ
วิทยาศาสตร์การแพทย์ และสุขภาพ
QZ140 ภ649ซ ล.2 2545 ฉ.5 
  Barcode: 016841
ห้องสมุดวิทยาเขตสวรรค์ประชารักษ์
►หนังสือทั่วไป
บนชั้น

รายการใกล้เคียง
    ผู้แต่ง [สมเกียรติ วัฒนศิริชัยกุล]

    หัวเรื่อง [ภาวะช๊อก]
    หัวเรื่อง [แบบทดสอบ]

BibComment


ยังไม่เคยถูกคอมเมนท์

คอมเมนท์ทรัพยากรรายการนี้
  คอมเมนท์: ภาวะช๊อก CME100 C..


 Copyright 2026. Bcnsprnw @Library